Statistics for List of English Cities

Click here to take the quiz!

General Stats

  • This quiz has been taken 28 times
    (11 since last reset)
  • The average score is 38 of 52

Answer Stats

Answer% Correct
Birmingham
100%
Bristol
100%
Cambridge
100%
Coventry
100%
Exeter
100%
Liverpool
100%
Manchester
100%
Norwich
100%
Oxford
100%
Bath
86%
Brighton & Hove
86%
Canterbury
86%
Chester
86%
Chichester
86%
City of London
86%
Derby
86%
Lancaster
86%
Leicester
86%
Lincoln
86%
Portsmouth
86%
Salisbury
86%
Carlisle
71%
Ely
71%
Gloucester
71%
Hereford
71%
Leeds
71%
Lichfield
71%
Newcastle upon Tyne
71%
Nottingham
71%
Peterborough
71%
Plymouth
71%
Salford
71%
Southampton
71%
St Albans
71%
Truro
71%
Winchester
71%
York
71%
Bradford
57%
Durham
57%
Hull
57%
Preston
57%
Sunderland
57%
Wells
57%
Worcester
57%
Chelmsford
43%
Ripon
43%
Sheffield
43%
Southend-on-Sea
43%
Stoke-on-Trent
43%
Westminster
43%
Wolverhampton
43%
Wakefield
29%

Score Distribution

Percentile by Number Answered

Percent of People with Each Score

Your Score History

You have not taken this quiz since the last reset